000
00225nam a22000857a 4500
008
160804b xxu||||| |||| 00| 0 eng d
100
_9
29
_a
Canfield J
245
_a
Chicken Soup for the teen soul
260
_a
Chennai
_b
Westland
_c
2008
999
_c
2680
_d
2680